La educación matemática en el siglo XXI /

שמור ב:
מידע ביבליוגרפי
מחבר ראשי: Martínez Ruiz, Xicoténcatl (coordinación)
מחברים אחרים: Camarena Gallardo, Patricia (coordinación) (coordinación)
פורמט: ספר
שפה:ספרדית
יצא לאור: México : Instituto Politécnico Nacional, 2015, c2015
סדרה:(Paideia Siglo XXI)
נושאים:
תגים: הוספת תג
אין תגיות, היה/י הראשונ/ה לתייג את הרשומה!

MARC

LEADER 00000nam^a2200000^a^4500
001 000388894
005 20250521000000.0
009 20260310121106.188
020 |a 978-607-414-495-6 
037 |a Acervo ITESO - Biblioteca 
041 |a ESP 
082 |a 510. 7  |b MAR 
100 |a Martínez Ruiz, Xicoténcatl  |e (coordinación) 
245 1 3 |a La educación matemática en el siglo XXI /  |c Coord. de X. Martínez Ruiz, P. Camarena Gallardo. 
264 4 |a México :  |b Instituto Politécnico Nacional,  |c 2015, c2015 
300 |a 349 p. 
336 |a texto  |b txt  |2 rdacontenido 
337 |a sin mediación  |b n  |2 rdamedio 
338 |a volumen  |b nc  |2 rdasoporte 
440 1 |a (Paideia Siglo XXI) 
649 |a XX 
650 |a Geometría -  |x Estudio y Enseñanza 
650 |a Matemáticas -  |z Brasil -  |x Estudio y Enseñanza 
650 |a Matemáticas -  |z Chile -  |x Estudio y Enseñanza 
650 |a Matemáticas -  |z Costa Rica -  |x Estudio y Enseñanza 
650 |a Matemáticas -  |z España -  |x Estudio y Enseñanza 
650 |a Matemáticas -  |z México -  |x Estudio y Enseñanza 
650 |a Matemáticas -  |z Perú -  |x Estudio y Enseñanza 
650 |a Matemáticas -  |z Puerto Rico -  |x Estudio y Enseñanza 
650 |a Matemáticas -  |z Venezuela -  |x Estudio y Enseñanza 
650 |a Matemáticas -  |x Estudio y Enseñanza -  |x Tema Principal 
650 |a Solución de Problemas 
650 |a Práctica Educativa 
650 |a Metodología Educativa 
650 |a Educación 
700 |a Camarena Gallardo, Patricia  |e (coordinación) 
910 |a Fondo General 
920 |a Impresos - Libros 
930 |a Colección General 
905 |a 101 
901 |a 0500282893  |b IT1  |c ACC  |i D72895  |u 20250521 
902 |a https://opac.biblio.iteso.mx/vufind/Record/000388894